000 00659nam a2200241Ia 4500
003 OSt
005 20220923212003.0
006 a|||||r|||| 00| 0
007 ta
008 220922b |||||||| |||| 00| 0 san d
024 _a77,393
037 _cTextual
040 _aARTS
_cARTS
_bsan
041 _2san
_asan
082 _aR693x, 15M3
100 _aपन्नालाल
_9156277
245 0 _aसम्यक्त्व चिन्तामणि
246 _aSamyaktva chintāmaṇi
260 _c1983
300 _a389चण्
_ccm.
942 _hR693x, 15M3
_cTEXL
_2CC
999 _c305175
_d305175